000 00329nam a2200121Ia 4500
008 220216s9999 xx 000 0 und d
100 _aMadge E W
245 0 _aPhysico-chemcial properties of latex and their significance in manufacture
260 _bIRI Transactions
_c1935
300 _a393-410
650 _aLatex
942 _cJS
999 _c64962
_d64962